<?xml version="1.0" encoding="UTF-8"?>
<collection xmlns="http://www.loc.gov/MARC21/slim">
 <record>
  <leader>00698cam a2200217 7i4500</leader>
  <controlfield tag="001">0000008154</controlfield>
  <controlfield tag="005">20150325090000.0</controlfield>
  <controlfield tag="003">  iicp-my</controlfield>
  <controlfield tag="005">  20030311174900.0</controlfield>
  <controlfield tag="008">000000                       00         </controlfield>
  <datafield tag="020" ind1=" " ind2=" ">
   <subfield code="a">0789719037 </subfield>
  </datafield>
  <datafield tag="039" ind1=" " ind2="9">
   <subfield code="a">200303111749</subfield>
   <subfield code="b">staff</subfield>
   <subfield code="y">200212042152</subfield>
   <subfield code="z">VLOAD</subfield>
  </datafield>
  <datafield tag="090" ind1="0" ind2="0">
   <subfield code="a">621.3916 </subfield>
   <subfield code="b">MUE</subfield>
  </datafield>
  <datafield tag="245" ind1="0" ind2="0">
   <subfield code="a">Upgrading and repairing PCs  </subfield>
   <subfield code="c">by Scott Mueller.</subfield>
  </datafield>
  <datafield tag="250" ind1=" " ind2=" ">
   <subfield code="a">11th ed..</subfield>
  </datafield>
  <datafield tag="260" ind1=" " ind2=" ">
   <subfield code="a">Indianapolis, Indiana: </subfield>
   <subfield code="b">Que, </subfield>
   <subfield code="c">c1999.</subfield>
  </datafield>
  <datafield tag="300" ind1=" " ind2=" ">
   <subfield code="a">p.: </subfield>
   <subfield code="b">ill.; </subfield>
   <subfield code="c">cm..</subfield>
  </datafield>
  <datafield tag="650" ind1=" " ind2="0">
   <subfield code="a">Microcomputers -- </subfield>
   <subfield code="x">Equipment and supplies. </subfield>
  </datafield>
  <datafield tag="650" ind1=" " ind2="0">
   <subfield code="a">Microcomputers -- </subfield>
   <subfield code="x">Upgrading. </subfield>
  </datafield>
  <datafield tag="650" ind1=" " ind2="0">
   <subfield code="a">Microcomputers -- </subfield>
   <subfield code="x">Maintainance and repair. </subfield>
  </datafield>
  <datafield tag="999" ind1=" " ind2=" ">
   <subfield code="a">1000012631</subfield>
   <subfield code="b">Book</subfield>
   <subfield code="c">Yellow Spot</subfield>
  </datafield>
 </record>
</collection>
